Những vụ án nổi tiếng thế giới: Bí mật vụ Trân Châu cảng

Сохранить в:
Библиографические подробности
Формат:
Язык:Undetermined
Опубликовано: Hà Nội CAND 2004
Предметы:
Метки: Добавить метку
Нет меток, Требуется 1-ая метка записи!
Thư viện lưu trữ: Trung tâm Học liệu Trường Đại học Cần Thơ
LEADER 00513nam a2200181Ia 4500
001 CTU_62282
008 210402s9999 xx 000 0 und d
020 |b 30500 
082 |a 808.301 
082 |b Nh556 
245 0 |a Những vụ án nổi tiếng thế giới: Bí mật vụ Trân Châu cảng 
260 |a Hà Nội 
260 |b CAND 
260 |c 2004 
650 |a short stories 
650 |x collections 
904 |i Minh 
980 |a Trung tâm Học liệu Trường Đại học Cần Thơ